Desert trails of Atacama

Saved in:
Bibliografiske detaljer
Hovedforfatter: Bowman, Isaiah (Author)
Format: Bog
Sprog:engelsk
Udgivet: Nueva York American Geographical Society 1924
Udgivelse:1a. ed
Serier:American Geographical Society, Special publication, V
Fag:
Tags: Tilføj Tag
Ingen Tags, Vær først til at tagge denne postø!

MARC

LEADER 00000nam a2200000 a 4500
001 UCJ3890
003 CL-VaPUC
008 070124e19240000US |||||||||||||||||eng|d
082 0 4 |a 918.3  |b BOW  |2 21 
100 0 |a Bowman, Isaiah  |e author  |9 506425 
245 1 0 |a Desert trails of Atacama 
250 |a 1a. ed 
300 |a 362 p 
942 |c BK 
945 |d 20070124 00:00:00  |a rinostro 
260 |a Nueva York  |b American Geographical Society  |c 1924 
500 |a Ilustraciones 
650 0 |a Minería  |9 326008 
650 0 |a Salitre  |9 313872 
650 0 |a Viajes  |9 257115 
650 0 |a Recursos naturales  |9 255232 
650 7 |a INDIOS ATACAMEÑOS  |2 CL-VaPUC  |9 506426 
650 7 |a GAUCHOS  |2 CL-VaPUC  |9 317962 
650 0 |a Algarrobo, Valparaíso, Chile  |9 506427 
583 |a last modification  |c 20130925 04:33:28  |k Rodrigo Vera 
490 0 |a American Geographical Society, Special publication, V 
999 |c 320009  |d 320007 
952 |0 0  |1 0  |4 0  |6 918_300000000000000_BOW_1924  |7 0  |8 X  |9 398443  |a FDOBUD  |b FDOBUD  |d 2019-11-22  |i 1010476  |o 918.3 BOW 1924  |p 1010476  |r 2019-11-22  |w 2019-11-22  |y BK_X  |k BUD